[Event "SUI-chT"]
[Site "Switzerland"]
[Date "2015.04.25"]
[Round "2.4"]
[White "Renet, Olivier"]
[Black "Gaehler, Marco"]
[Result "1-0"]
[WhiteElo "2539"]
[BlackElo "2306"]
[PlyCount "59"]
[EventDate "2015.03.29"]
[EventType "team-tourn"]
[EventRounds "9"]
[EventCountry "SUI"]
[SourceTitle "EXT 2016"]
[Source "ChessBase"]
[SourceDate "2015.10.08"]
[SourceVersion "1"]
[SourceVersionDate "2015.10.08"]
[SourceQuality "1"]
[WhiteTeam "Riehen"]
[BlackTeam "Wollishofen"]
[WhiteTeamCountry "SUI"]
[BlackTeamCountry "SUI"]

1. e4 e6 2. d4 d5 3. Nd2 a6 4. Ngf3 Nf6 5. e5 Nfd7 6. c3 c5 7. Be2 Nc6 8. 0-0 cxd4 9. cxd4 f6 10. exf6 Qxf6 11. Nb3 h6 12. g3 Bd6 13. Nh4 Ne7 14. f4 Nb8 15. Nf3 Bd7 16. Ne5 Nbc6 17. Be3 0-0-0 18. Rc1 Kb8 19. Qd2 Bb4 20. Qd3 Qf5 21. Qd1 Be8 22. Nd3 h5 23. Nbc5 a5 24. a3 Bxc5 25. Nxc5 Nc8 26. Bd3 Qf6 27. f5 e5 28. Ne6 e4 29. Bg5 Qf7 30. Nxd8 1-0

[Event "SUI-ch HT"]
[Site "Bern"]
[Date "2014.10.04"]
[Round "9"]
[White "Gaehler, Marco"]
[Black "Heinatz, Gundula"]
[Result "0-1"]
[WhiteElo "2299"]
[BlackElo "2188"]
[PlyCount "74"]
[EventDate "2014.09.27"]
[EventType "swiss"]
[EventRounds "9"]
[EventCountry "SUI"]
[SourceTitle "EXT 2016"]
[Source "ChessBase"]
[SourceDate "2015.10.08"]
[SourceVersion "1"]
[SourceVersionDate "2015.10.08"]
[SourceQuality "1"]

1. g3 d5 2. Bg2 Nf6 3. c4 c6 4. Qa4 Nbd7 5. cxd5 Nb6 6. Qb3 cxd5 7. a4 g6 8. a5 Nc4 9. Qb5+ Qd7 10. Nc3 e6 11. e4 Bg7 12. b3 Ne5 13. d4 Qxb5 14. Nxb5 Nd3+ 15. Ke2 Nxc1+ 16. Rxc1 0-0 17. e5 Nd7 18. Ra1 Rb8 19. Nxa7 Ra8 20. Nxc8 Rfxc8 21. Nf3 Bh6 22. Ra2 Bf8 23. Rha1 Nb8 24. Bf1 Bb4 25. Kd1 Rc3 26. Nd2 Nc6 27. a6 bxa6 28. Rxa6 Rxa6 29. Rxa6 Nxd4 30. Rb6 Nxb3 31. Nxb3 Rxb3 32. Ke2 Rb2+ 33. Kf3 Rxf2+ 34. Kxf2 Bc5+ 35. Kf3 Bxb6 36. Kf4 Bc7 37. Bh3 h6 0-1

[Event "SUI-ch HT"]
[Site "Bern"]
[Date "2014.09.28"]
[Round "3"]
[White "Gaehler, Marco"]
[Black "Jussupow, Artur"]
[Result "1/2-1/2"]
[WhiteElo "2299"]
[BlackElo "2581"]
[PlyCount "43"]
[EventDate "2014.09.27"]
[EventType "swiss"]
[EventRounds "9"]
[EventCountry "SUI"]
[SourceTitle "EXT 2016"]
[Source "ChessBase"]
[SourceDate "2015.10.08"]
[SourceVersion "1"]
[SourceVersionDate "2015.10.08"]
[SourceQuality "1"]

1. e4 e6 2. d4 d5 3. exd5 exd5 4. Bd3 Bd6 5. Nc3 c6 6. Qf3 Qh4 7. Nce2 Bg4 8. Qe3+ Qe7 9. h3 Qxe3 10. Bxe3 Bxe2 11. Nxe2 Nf6 12. Bf4 Bxf4 13. Nxf4 Nbd7 14. h4 Ke7 15. f3 Raf8 16. Kd2 Ne8 17. a4 Nd6 18. b3 h6 19. h5 Kd8 20. g4 Re8 21. Rag1 Nf8 22. Re1 1/2-1/2

[Event "SUI-ch HT"]
[Site "Bern"]
[Date "2014.09.27"]
[Round "1"]
[White "Gaehler, Marco"]
[Black "Jenal, Juerg"]
[Result "1-0"]
[WhiteElo "2299"]
[BlackElo "2121"]
[PlyCount "63"]
[EventDate "2014.09.27"]
[EventType "swiss"]
[EventRounds "9"]
[EventCountry "SUI"]
[SourceTitle "EXT 2016"]
[Source "ChessBase"]
[SourceDate "2015.10.08"]
[SourceVersion "1"]
[SourceVersionDate "2015.10.08"]
[SourceQuality "1"]

1. g3 c5 2. Bg2 Nc6 3. e4 g6 4. Ne2 Bg7 5. 0-0 d6 6. c3 Nf6 7. d4 cxd4 8. cxd4 0-0 9. Nbc3 Bd7 10. h3 Rb8 11. Be3 a6 12. f4 b5 13. e5 Ne8 14. Qd2 Na5 15. b3 Bc6 16. Ne4 b4 17. Rac1 Qd7 18. g4 Nc7 19. exd6 exd6 20. f5 Rfe8 21. N2g3 Nd5 22. Bh6 Bh8 23. Qf2 Bb5 24. Rfe1 Nc6 25. Rcd1 Nc3 26. fxg6 Nxe4 27. Nxe4 f5 28. gxf5 d5 29. gxh7+ Kxh7 30. Ng5+ Kg8 31. Re6 Rxe6 32. fxe6 1-0

[Event "World University-ch 13th"]
[Site "Katowice"]
[Date "2014.08.22"]
[Round "7"]
[White "Gaehler, Marco"]
[Black "Chettiar, Evasan"]
[Result "1-0"]
[WhiteElo "2315"]
[BlackElo "1869"]
[PlyCount "55"]
[EventDate "2014.08.18"]
[EventType "swiss"]
[EventRounds "9"]
[EventCountry "POL"]
[SourceTitle "CBM 161 Extra"]
[Source "ChessBase"]
[SourceDate "2014.08.29"]
[SourceVersion "1"]
[SourceVersionDate "2014.08.29"]
[SourceQuality "1"]

1. e4 g6 2. d4 Bg7 3. g3 d5 4. e5 c5 5. c3 Nc6 6. dxc5 Nxe5 7. Nf3 Nxf3+ 8. Qxf3 Nf6 9. Bg2 0-0 10. 0-0 Bf5 11. Be3 e5 12. Qd1 Qc7 13. Na3 Qd7 14. Qb3 Bd3 15. Rfd1 e4 16. h3 a5 17. Rxd3 exd3 18. Rd1 a4 19. Qb4 Rfe8 20. Rxd3 Qf5 21. Rd1 Ne4 22. Qxb7 Rab8 23. Qxd5 Nxg3 24. Nc4 Ne2+ 25. Kh1 Be5 26. Qf3 Qc2 27. Re1 Rbd8 28. Nxe5 1-0

[Event "World University-ch 13th"]
[Site "Katowice"]
[Date "2014.08.20"]
[Round "5"]
[White "Gaehler, Marco"]
[Black "Bornheim, Darren"]
[Result "1-0"]
[WhiteElo "2315"]
[BlackElo "1792"]
[PlyCount "107"]
[EventDate "2014.08.18"]
[EventType "swiss"]
[EventRounds "9"]
[EventCountry "POL"]
[SourceTitle "CBM 161 Extra"]
[Source "ChessBase"]
[SourceDate "2014.08.29"]
[SourceVersion "1"]
[SourceVersionDate "2014.08.29"]
[SourceQuality "1"]

1. g3 Nf6 2. Bg2 d5 3. Nf3 g6 4. 0-0 Bg7 5. c4 c6 6. d4 0-0 7. b3 Ne4 8. Bb2 Nd7 9. a4 a5 10. Na3 b6 11. Rc1 Ba6 12. Rc2 Qb8 13. Nd2 Nef6 14. e4 e5 15. exd5 cxd5 16. Nb5 exd4 17. cxd5 Bxb5 18. axb5 Qd6 19. Qa1 Rac8 20. Rxc8 Rxc8 21. Rc1 Rxc1+ 22. Qxc1 Qb4 23. Nf3 Qc5 24. Qxc5 bxc5 25. Nd2 Nb6 26. Nc4 Nfxd5 27. Nxa5 d3 28. Bxg7 Kxg7 29. Bxd5 Nxd5 30. Nc4 Nc7 31. b6 Na6 32. Kf1 Kf6 33. Ke1 Ke6 34. Kd2 Kd5 35. Kxd3 Nb4+ 36. Kc3 Kc6 37. Ne5+ Kxb6 38. Kc4 Na6 39. Nxf7 Nc7 40. Ng5 h5 41. h4 Kc6 42. Nf7 Nb5 43. Ne5+ Kd6 44. Kxb5 Kxe5 45. Kxc5 Ke4 46. b4 Kf3 47. b5 Kxf2 48. b6 Kxg3 49. b7 Kxh4 50. b8Q Kh3 51. Kd4 h4 52. Ke3 Kg2 53. Qb2+ Kh1 54. Kf3 1-0

[Event "World University-ch 13th"]
[Site "Katowice"]
[Date "2014.08.19"]
[Round "2"]
[White "Katsuta, Yuki"]
[Black "Gaehler, Marco"]
[Result "0-1"]
[WhiteElo "1917"]
[BlackElo "2315"]
[PlyCount "60"]
[EventDate "2014.08.18"]
[EventType "swiss"]
[EventRounds "9"]
[EventCountry "POL"]
[SourceTitle "CBM 161 Extra"]
[Source "ChessBase"]
[SourceDate "2014.08.29"]
[SourceVersion "1"]
[SourceVersionDate "2014.08.29"]
[SourceQuality "1"]

1. d4 g6 2. e4 Bg7 3. c4 d6 4. Nc3 Nf6 5. Nf3 Bg4 6. Be2 0-0 7. Be3 Nfd7 8. Qb3 Bxf3 9. Bxf3 Nc6 10. Rd1 e5 11. dxe5 Ncxe5 12. Be2 b6 13. 0-0 Nc5 14. Qc2 Nc6 15. Nd5 Re8 16. f3 Ne6 17. Rfe1 Ncd4 18. Qa4 c6 19. Nb4 a5 20. Nxc6 Qd7 21. Bxd4 Nxd4 22. c5 bxc5 23. Bb5 Nxb5 24. Qxb5 Reb8 25. Qxc5 dxc5 26. Rxd7 Rxb2 27. Rc1 Bh6 28. Rc3 Rxa2 29. Ne5 Rb8 30. h3 Rb1+ 0-1

[Event "World University-ch 13th"]
[Site "Katowice"]
[Date "2014.08.18"]
[Round "1"]
[White "Gaehler, Marco"]
[Black "Shimanov, Aleksandr"]
[Result "0-1"]
[WhiteElo "2315"]
[BlackElo "2625"]
[PlyCount "76"]
[EventDate "2014.08.18"]
[EventType "swiss"]
[EventRounds "9"]
[EventCountry "POL"]
[SourceTitle "CBM 161 Extra"]
[Source "ChessBase"]
[SourceDate "2014.08.29"]
[SourceVersion "1"]
[SourceVersionDate "2014.08.29"]
[SourceQuality "1"]

1. d4 Nf6 2. c4 e6 3. Nf3 b6 4. a3 Ba6 5. Qc2 Bb7 6. Nc3 c5 7. dxc5 Bxc5 8. Bg5 Be7 9. e4 d6 10. Rd1 Nbd7 11. Bxf6 gxf6 12. Be2 a6 13. 0-0 Rc8 14. Nd4 Ne5 15. b3 Qc7 16. a4 h5 17. Qd2 Qc5 18. Nc2 h4 19. b4 Qc6 20. Ne3 b5 21. axb5 axb5 22. c5 Ba6 23. cxd6 Rd8 24. Qa2 Rxd6 25. Rc1 Qb7 26. Qa5 0-0 27. Bxb5 Rb8 28. f4 Bd8 29. Qa4 Nd3 30. Bxd3 Bxd3 31. e5 Rd7 32. Rf3 f5 33. Ncd1 Bb6 34. Qa2 Be4 35. Rh3 Rbd8 36. Qe2 Rd2 37. Rc7 Rxe2 38. Rxb7 Rxd1# 0-1